World bank atlas 1997 (Registro nro. 531)

Detalles MARC
000 -CABECERA
Campo de control 00555nam a2200217 a 4500
005 - FECHA Y HORA DE LA ULTIMA TRANSACCION
Campo de control 20200506130113.0
008 - ELEMENTOS DE LONGITUD FIJA—INFORMACION GENERAL
Campo de control 200506b ||||| |||| 00| 0 spa d
020 ## - ISBN
ISBN 0-8213-3576-6
040 ## - FUENTE DE CATALOGACIÓN
Agencia catalogadora original CO-BoIAVH
Agencia transcriptora CO-BoIAVH
041 ## - IDIOMA
Código de idioma para texto/pista de sonido o título separado Inglés
082 ## - NUMERO DE CLASIFICACION DECIMAL DEWEY
Número de clasificación 338.9
090 ## - CLASIFICACIÓN LOCAL
Colección LB
Consecutivo 00512
110 ## - ASIENTO PRINCIPAL--NOMBRE CORPORATIVO
Unidad subordinad World Bank
245 ## - MENCION DE TITULO
Título World bank atlas 1997
260 ## - PUBLICACION, DISTRIBUCION, ETC. (PIE DE IMPRENTA)
Lugar de publicación, distribución, etc. Washington
Nombre del editor, distribuidor, etc. World Bank
Fecha de publicación, distribución, etc. 1997
300 ## - DESCRIPCION FISICA
Extensión 52 páginas
650 #0 - ASIENTO SECUNDARIO DE MATERIA - TERMINO TEMATICO
Término temático o nombre geográfico como elemento de entrada Investigación social
650 #0 - ASIENTO SECUNDARIO DE MATERIA - TERMINO TEMATICO
Término temático o nombre geográfico como elemento de entrada Medio ambiente
650 #0 - ASIENTO SECUNDARIO DE MATERIA - TERMINO TEMATICO
Término temático o nombre geográfico como elemento de entrada Economía
942 ## - ELEMENTOS ADICIONALES (KOHA)
Tipo de ítem Libro
Sistema de clasificación Local
Existencias
Withdrawn status Lost status Sistema de Clasificación Damaged status No para préstamo Colección Ubicación Permanente Ubicación actual Fecha de adquisición Total Checkouts Número topográfico Inventario / Código de Barras Date last seen Ejemplar Price effective from Tipo de material
    Dewey Decimal Classification     General Villa de Leyva Villa de Leyva 04/12/2012   LB-00512 AUTO_1001 04/12/2012 Ej. 04/12/2012 Libro